000 01001nam a22003137a 4500
003 CHAP
005 20220329135412.0
008 971013s1973 r 00010 d
010 _a35823
011 _a36795
035 _a40914
040 _cCHAP
082 _a627.122
_bO7
110 _aOrganismo Internacional de Energía Atómica
_983512
245 _aTrace techniques in sediment transport
260 _aVienna :
_bOIEA,
_c1973
300 _a234 p.
_b: ilus.
490 _aTechnical reports series
_v; 145
590 _aBATCH-UPD
_b10
_c20130110
_lUCH01
_h2012
590 _aBATCH-UPD
_b10
_c20130410
_lUCH01
_h1331
590 _aBATCH-UPD
_b10
_c20130914
_lUCH01
_h2016
590 _aCONVERSION
_b10
_c20130109
_lUCH01
_h1320
650 1 4 _aSedimentación y deposición.
_9103571
650 1 4 _aTrazadores radioactivos.
_9114726
830 0 _aTechnical reports series
_v; 145
_9111913
901 _aBK
942 _cLIBRO
949 _a627.122 O7
_bBC
_cLIBRO
_d33724000021275
_eLIBRO
_h31825
_i40914
_si
999 _c35823
_d35823